00000000nam##2200000za#4500
0019.541868
003CaOODSP
00520210615085849
007ta
008150406|2005||||xxc|||||     f|0| 0 eng|d
020 |a0-660-62939-9
040 |aCaOODSP|beng
041 |aeng
041 |afre
043 |an-cn---
0861 |aBT31-4/54-2005
1101 |aCanada. |bTreasury Board.
24510|aNational Round Table on the Environment and the Economy
260 |bTreasury Board of Canada Secretariat |c2005.
300 |aEnglish text, 38p. : |bfigs., organization chart, tables ; |c28 cm.
4901 |aPerformance report for the period ending March 31, 2005
5203 |aDepartmental Performance Reports are part of the Estimates prepared by the Government of Canada each year in support of its request to Parliament for authority to spend public monies. Each report emphasizes accountability, comparing accomplishments with the expectations and commitments set out earlier in the department’s Report on Plans and Priorities. The Departmental Performance Reports reflect the citizen focus of government programs, setting out the strategic context, the risks and challenges to meeting commitments, and the links between resources the department uses and the benefits it has achieved for Canadians and Canadian society.
563 |aSoftcover
590 |a05-44|b2005-11-04
69007|aFederal departments|2gcpds
7760#|tNational Round Table on the Environment and the Economy, performance report for the period ending March 31, 2005 |w(CaOODSP)9.573252
7760#|tTable ronde nationale sur l'environnement et l'économie - rapport sur le rendement pour l'exercice terminé le 31 mars 2005 |w(CaOODSP)9.603461
792 |tTable ronde nationale sur l'environnement et l'économie |efre|w(CaOODSP)9.541869
830#0|aPerformance report for the period ending March 31, 2005.|w(CaOODSP)9.511142